[Event "23rd ETCC Open 2021"]
[Site "Catez"]
[Date "2021.11.14"]
[Round "3.24"]
[White "Ter-Sahakyan, Samvel"]
[Black "Boruchovsky, Avital"]
[Result "1/2-1/2"]
[WhiteElo "2615"]
[BlackElo "2542"]
[Annotator "TA"]
[PlyCount "69"]
[EventDate "2021.11.08"]
[EventType "team-tourn"]
[EventCountry "SLO"]
[SourceTitle "playchess.com"]
[Source "ChessBase"]
[SourceQuality "1"]
[WhiteTeam "Armenia"]
[BlackTeam "Israel"]
[WhiteTeamCountry "ARM"]
[BlackTeamCountry "ISR"]

{[%evp 32,69,16,20,18,20,20,27,30,0,4,8,37,12,28,57,47,34,25,28,32,25,42,29,35,
25,41,0,0,0,0,0,0,0,0,0,0,0,0,0]} 1. e4 e5 2. Nf3 Nc6 3. Bb5 a6 4. Ba4 Nf6 5.
O-O Be7 6. Re1 b5 7. Bb3 d6 8. c3 O-O 9. h3 Nb8 10. d4 Nbd7 11. Nbd2 Bb7 12.
Bc2 Re8 13. Nf1 Bf8 14. Ng3 g6 15. Bg5 h6 16. Bd2 Bg7 17. a4 Nb6 {[%cal Bd7b6,
Bb6c4,Bc4d2][%mdl 32] C95: Closed Ruy Lopez: Breyer Variation with 10 d4.} 18.
b3 {[%cal Bb2b3,Bb3a4][%mdl 32]} bxa4 19. bxa4 Nc4 {White has an edge.} 20. Rb1
Nxd2 21. Qxd2 {[#]} Rb8 $146 ({Predecessor:} 21... Bc6) 22. Bd3 Bc6 23. Rxb8
Qxb8 24. Qa2 exd4 25. cxd4 Qa8 {[%cal Rf6e4]} 26. Bc4 Re7 27. Nh4 d5 ({Don't
blunder} 27... Nxe4 $2 28. Nxg6 Rd7 29. Nxe4 $18) 28. Bb3 Nxe4 29. Nxe4 (29.
Rxe4 $5 dxe4 30. Nxg6 $11) 29... Kf8 {The position is equal.} 30. Re2 {Nc3 is
the strong threat.} dxe4 31. Bxf7 $1 {[%mdl 64] [#] Remove Defender} Rxf7 32.
Nxg6+ Kg8 {Hoping for ...Bd5.} 33. Ne7+ Kf8 34. Ng6+ Kg8 {[#] Threatens to win
with ...Bd5.} 35. Ne7+ $1 {Weighted Error Value: White=0.07/Black=0.04} 1/2-1/2

[Event "23rd ETCC Open 2021"]
[Site "Catez"]
[Date "2021.11.14"]
[Round "3.25"]
[White "Giri, Anish"]
[Black "Saric, Ivan"]
[Result "1-0"]
[WhiteElo "2774"]
[BlackElo "2665"]
[Annotator "TA"]
[PlyCount "71"]
[EventDate "2021.11.08"]
[EventType "team-tourn"]
[EventCountry "SLO"]
[SourceTitle "playchess.com"]
[Source "ChessBase"]
[SourceQuality "1"]
[WhiteTeam "Netherlands"]
[BlackTeam "Croatia"]
[WhiteTeamCountry "NED"]
[BlackTeamCountry "CRO"]

{[%evp 9,71,15,29,17,28,29,18,13,16,8,24,9,56,64,66,60,61,76,112,104,108,95,
100,98,112,39,36,-18,89,79,212,195,194,189,355,241,363,303,420,385,377,361,628,
628,615,613,727,646,693,701,713,709,710,697,846,916,985,983,875,922,879,851,
845,811]} 1. c4 e5 2. Nc3 Bb4 3. Nd5 Bc5 4. e3 Nf6 5. b4 Be7 6. Nxe7 {A21:
English Opening: 1...e5 2 Nc3.} Qxe7 7. Bb2 O-O 8. Ne2 $5 {[%mdl 4] [#] The
position is equal. A promising side line.} Re8 $146 ({Predecessor:} 8... d6 9.
Ng3 c5 10. bxc5 dxc5 11. Be2 Nc6 12. O-O Bd7 13. f4 Ne8 14. Bd3 g6 {1/2-1/2 
(27) Vaibhav,S (2575)-Anton Guijarro,D (2642) Moscow 2019}) 9. a3 a5 10. b5 c5
11. Ng3 d6 12. Bd3 Nbd7 13. O-O Nf8 14. f4 b6 15. Qc2 Ra7 16. h3 Ng6 17. fxe5 (
17. Rae1 $16) 17... dxe5 $14 18. Rf2 ({White should try} 18. Bf5 $14) 18... Qd8
(18... e4 $11 {keeps the balance.} 19. Bf1 Qc7) 19. Raf1 $16 Nh4 {[#] Loses
the game.} (19... Rc7 $16) 20. Rxf6 $1 $18 {[%mdl 512]} gxf6 21. Bxh7+ Kf8 $2 (
21... Kg7 {was necessary.}) 22. Bc3 Bb7 (22... f5 {keeps fighting.}) 23. Be4
Ba8 24. Rf2 Bxe4 25. Qxe4 Ng6 (25... f5 26. Nxf5 Nxf5) 26. h4 {White is
clearly winning.} Re6 27. h5 Ne7 28. Qh7 {Threatens to win with Qh8+.} Ke8 29.
Ne4 f5 30. Ng5 {[%mdl 64] Double Attack} Kd7 31. Qxf7 Rh6 32. Rxf5 Qe8 33. g4
Qxf7 34. Rxf7 Ra8 35. Bxe5 Rg8 36. Bg7 {Weighted Error Value: White=0.13/
Black=0.50} 1-0

[Event "23rd ETCC Open 2021"]
[Site "Catez"]
[Date "2021.11.14"]
[Round "3.26"]
[White "Brkic, Ante"]
[Black "Van Foreest, Lucas"]
[Result "1/2-1/2"]
[WhiteElo "2599"]
[BlackElo "2532"]
[Annotator "RC"]
[PlyCount "95"]
[EventDate "2021.11.08"]
[EventType "team-tourn"]
[EventCountry "SLO"]
[SourceTitle "playchess.com"]
[Source "ChessBase"]
[SourceQuality "1"]
[WhiteTeam "Croatia"]
[BlackTeam "Netherlands"]
[WhiteTeamCountry "CRO"]
[BlackTeamCountry "NED"]
[TimeControl "40/5400+30:1800+30"]

1. e4 e5 2. Nf3 Nc6 3. Bb5 Nf6 4. d3 Bc5 5. c3 O-O 6. O-O d5 7. exd5 Qxd5 8.
Bc4 Qd8 9. Nbd2 a6 10. a4 h6 11. Re1 Re8 12. b4 Bd6 13. Ne4 Be6 14. Qb3 Bxc4
15. Qxc4 Be7 16. Nxf6+ Bxf6 17. Nd2 Qd7 18. Nb3 Be7 19. Be3 Bd6 20. Bc5 Ne7 21.
a5 Rad8 22. Rad1 Nc6 23. h3 Qe6 24. Qxe6 Rxe6 25. Kf1 Kf8 26. d4 exd4 27. Rxe6
fxe6 28. Nxd4 Nxd4 29. Bxd4 Kf7 30. Ke2 Be7 31. Rd3 Rd5 32. f4 Bd6 33. c4 Rf5
34. Bc3 Ke8 35. g3 Be7 36. c5 Bf6 37. Bxf6 gxf6 38. Ke3 Rd5 39. g4 c6 40. h4
Kf7 41. h5 Rxd3+ 42. Kxd3 f5 43. g5 hxg5 44. fxg5 e5 45. Ke3 Kg7 46. Kf3 Kh7
47. Ke3 Kg7 48. Kf3 1/2-1/2

[Event "23rd ETCC Open 2021"]
[Site "Catez"]
[Date "2021.11.14"]
[Round "3.27"]
[White "Van Foreest, Jorden"]
[Black "Stevic, Hrvoje"]
[Result "1/2-1/2"]
[WhiteElo "2701"]
[BlackElo "2581"]
[Annotator "TA"]
[PlyCount "163"]
[EventDate "2021.11.08"]
[EventType "team-tourn"]
[EventCountry "SLO"]
[SourceTitle "playchess.com"]
[Source "ChessBase"]
[SourceQuality "1"]
[WhiteTeam "Netherlands"]
[BlackTeam "Croatia"]
[WhiteTeamCountry "NED"]
[BlackTeamCountry "CRO"]

{[%evp 12,163,26,30,22,29,22,33,25,26,15,0,78,1,54,44,52,54,99,116,162,106,120,
87,193,189,197,203,195,124,136,58,50,50,52,66,53,34,37,34,34,34,35,17,17,17,17,
17,17,17,17,17,18,18,19,22,28,27,47,17,40,32,36,36,37,37,48,13,40,25,36,37,40,
25,47,34,41,43,43,44,44,44,74,0,44,17,61,0,62,25,27,14,27,17,25,25,50,34,47,40,
55,55,55,55,55,55,62,35,58,25,29,25,69,69,69,62,69,69,69,69,69,69,77,69,69,69,
69,79,98,19,69,32,69,0,69,69,79,70,92,35,43,0,0,0,0,0,8,8,8,8,8,8,8,8]} 1. d4
d5 2. c4 dxc4 3. Nf3 Nf6 4. e3 e6 5. Bxc4 a6 6. O-O b5 7. Be2 $1 {[%mdl 4] is
now more promising than 7.Bd3.} Bb7 {D26: Queen's Gambit Accepted: 4 e3 e6 5
Bxc5 c5 sidelines.} 8. a4 b4 9. Nbd2 {[%cal Bb1d2,Bd2c4,Bc4b6][%mdl 32]} Nbd7 {
White is slightly better.} 10. Nc4 c5 11. dxc5 Nxc5 {[#]} (11... Bxc5 $11 {
remains equal.} 12. b3 O-O) 12. Bd2 {[#]} (12. Qxd8+ $1 $16 Rxd8 13. Nd4) 12...
Rb8 $146 ({Black should play} 12... a5 $11) ({Predecessor:} 12... Nce4 13. a5
Nxd2 14. Qxd2 Qxd2 15. Nfxd2 Rd8 16. Rac1 Be7 17. Nb3 Nd5 18. Bf3 Ba8 {1-0 (67)
Papp,B (2028)-Vishwa,V (1824) Harkany 2018}) 13. Nd4 $14 Bd5 14. a5 Be7 15. Nb6
b3 16. f3 (16. Bb4 $18) 16... O-O 17. Bc3 Rxb6 (17... Qc7 $16) 18. axb6 $18
Qxb6 19. Kh1 Rc8 20. Ra3 (20. e4 $18) 20... h6 21. e4 (21. Ba5 $16 Qb8 22. e4)
21... Ncxe4 $1 $14 22. fxe4 Bxa3 23. exd5 Nxd5 24. Nxb3 {And now Bd4 would win.
} Nxc3 25. bxc3 Rxc3 26. Nd2 Rc1 27. Qb3 Rxf1+ 28. Bxf1 Qd6 29. Ne4 Qf4 {
[%cal Rf4f1]} 30. Ng3 Qc1 31. Qa4 Bc5 32. Qxa6 g6 33. Ne4 {next Qc4 is good
for White.} Bd4 {( -> ...Qe3)} 34. Qd3 Qa1 35. Qf3 Be5 36. g3 Kg7 37. Kg2 Qb2+
38. Be2 Qc1 39. h4 {Threatening Qd3.} h5 40. Bd3 Qb2+ 41. Kh3 Qd4 42. Bb5 (42.
Bb1 {is more complex.} Qc4 43. Qd1 Qd4 44. Qe1 Qd5 45. Ng5) 42... Qd8 43. Bc4 (
43. Bc6 {with more complications.} Qc7 44. Nc3 Qe7 45. Ne2 Qf6 46. Qe3) 43...
Qe7 44. Qe3 Qb7 45. Be2 {aiming for Bxh5!} (45. Qd3 {is interesting.} Qb4 46.
Ba2 Qb7 47. Qe3 Ba1 48. Qe1) 45... Qb1 {[%cal Rb1h1]} 46. Qf3 (46. Kg2 {
with more complications.} Qb2 47. Ng5 Qd4 48. Qf3 Bf6 49. Bd3) 46... Qb4 47.
Bd3 (47. Ng5 $16 Bf6 48. Ne4) 47... Qb7 (47... Qd4 {looks sharper.}) 48. Qe2 (
48. Qf1 {feels hotter.} Qb4 49. Qe2 Qb2 50. Bc2 Qc1 51. Bd1) 48... Qb2 49. Qf3
(49. Qe1 $14) 49... Qb7 (49... Qd4 $11) 50. Qe3 (50. Qd1 {looks sharper.} Qd7
51. Qe2 Qd5 52. Bc4 Qa8 53. Qd3) 50... Qd5 51. Be2 {White wants to play Qd3.}
Bd4 52. Qf3 Be5 53. Qg2 Qd4 54. Bf3 Qe3 55. Qf1 Bd4 56. Bg2 Be5 57. Qb5 Qd4 58.
Bf3 Qb2 59. Qd7 {Intending Ng5! and mate.} Qd4 60. Qe7 {White threatens Ng5!
and mate.} Qg1 61. Qg5 Bd4 62. Bg2 {Hoping for Qe7.} Qe3 63. Qb5 Qa3 64. Qb8
Qa7 65. Qd6 Qb6 66. Qf4 Qb2 67. Nd6 Qf2 68. Qg5 Bb2 69. Qb5 Bd4 70. Ne4 (70.
Qb8 $16) 70... Qe3 71. Qb8 {Threatens to win with Qd6.} Qa3 72. Qf4 (72. Ng5
$14 Bf6 73. Ne4) 72... Qe7 (72... Qb2 $1 $11) 73. Bf3 (73. Qd2 {keeps more
tension.} Qd7 74. Qd1 Qd5 75. Kh2 Qc4 76. Ng5) 73... Bb2 74. Qe3 (74. Qd2 {
seems wilder.} Ba1 75. Bg2 Qa7 76. Qf4 Qd7 77. Kh2) 74... Be5 75. Nf2 ({
White should try} 75. Qg5 $16 Bf6 76. Qe3 (76. Nxf6 Qxf6 77. Qe3 Qf5+ 78. Kg2
Qc2+ 79. Be2 Kg8 $16)) 75... Qd6 76. Nd3 (76. Be2 {is interesting.} Qd4 77. Qe4
Qxe4 78. Nxe4 Bb2 79. Kg2) 76... Bxg3 {The position is equal.} 77. Bxh5 Bxh4
78. Bxg6 Qg3+ 79. Qxg3 Bxg3 {[#]} 80. Bxf7 $1 Kxf7 81. Kxg3 e5 82. Nxe5+ {
Weighted Error Value: White=0.16/Black=0.16} 1/2-1/2

[Event "23rd ETCC Open 2021"]
[Site "Catez"]
[Date "2021.11.14"]
[Round "3.28"]
[White "Martinovic, Sasa"]
[Black "Warmerdam, Max"]
[Result "1-0"]
[WhiteElo "2542"]
[BlackElo "2608"]
[Annotator "TA"]
[PlyCount "111"]
[EventDate "2021.11.08"]
[EventType "team-tourn"]
[EventCountry "SLO"]
[SourceTitle "playchess.com"]
[Source "ChessBase"]
[SourceQuality "1"]
[WhiteTeam "Croatia"]
[BlackTeam "Netherlands"]
[WhiteTeamCountry "CRO"]
[BlackTeamCountry "NED"]

{[%evp 9,111,21,38,36,42,39,35,35,47,25,29,19,52,22,29,28,45,39,28,18,22,16,22,
14,19,0,0,0,0,0,58,54,58,26,29,31,37,36,58,31,32,31,48,32,54,0,0,-11,-30,-92,
-89,-118,-121,-112,-8,-205,-145,-343,-93,-247,0,0,0,0,0,0,0,0,0,16,191,0,389,
385,378,350,387,371,468,449,477,496,399,387,637,653,622,643,6319,597,2124,1653,
1636,1523,1493,1525,1505,1190,1197,1213,1541,1615,1475,1391]} 1. d4 d5 2. c4 e6
3. Nf3 Nf6 4. Nc3 dxc4 5. e4 b5 6. e5 {D24: Queen's Gambit Accepted: 3 Nf3 Nf6
4 Nc3.} Nd5 7. Nxb5 Nb6 8. Be2 {White is slightly better.} Nc6 {[%cal Bb8c6,
Bc6a5,Ba5b3][%mdl 32] 8...Nc6 is better than 8...Be7.} 9. Be3 Bb4+ 10. Nc3 {[#]
} a5 $146 ({Predecessor:} 10... O-O 11. O-O Bb7 12. Qc2 Be7 13. Qe4 Kh8 14.
Rfd1 Rb8 15. Qg4 Nb4 16. Rac1 N4d5 {0-1 (38) Santiago,Y (2427)-Perez Ponsa,F 
(2577) Buenos Aires 2016}) 11. a3 Bxc3+ 12. bxc3 a4 13. Nd2 Na5 $1 14. Bf3 Rb8
15. Ne4 Bb7 16. Bg5 Qc8 17. h4 Nb3 18. Ra2 Bd5 19. Rh3 Kd7 ({Black should play
} 19... Qb7 $11 20. Qe2 h6) 20. h5 h6 21. Bh4 Qf8 22. Kf1 Kc8 23. Kg1 Nd7 24.
Rg3 Rb5 25. Rg4 Kb8 26. Rf4 Nb6 27. g3 (27. Bg3 $14) 27... Ba8 $11 28. Nc5 (28.
Qf1 {seems wilder.} Bc6 29. Bg2 Rg8 30. Qd1 Nd5 31. Rg4) 28... Nxc5 29. dxc5 (
29. Bxa8 $11 {keeps the balance.} Nd3 30. Bc6) 29... Bxf3 $17 (29... Rxc5 30.
Bxa8 Kxa8 31. Qf3+ Rd5 32. Rxf7 $16) 30. Qxf3 Qxc5 31. Rxf7 {[#]} Rb3 (31...
Qxe5 $6 32. Re2 $11) (31... Nd5 $1 $17 32. Kh2 Rb1) 32. Rxg7 $2 (32. Be7 $1 $11
Qb5 33. Bf8) 32... Nd5 (32... Qxe5 33. Bf6 $14) 33. Qg4 $2 (33. Kg2 $17) 33...
Qc6 $2 (33... Nxc3 34. Ra1 $19) (33... Rb1+ $19 34. Kh2 Nxc3 {[%mdl 64]
Discovered Attack}) 34. Kh2 $2 (34. Ra1 $17 {was forced.}) 34... Rxc3 $2 (34...
Rf8 $19 35. Rg6 Rxa3) 35. Rg6 $11 Re8 36. Rxh6 Rb3 {And now ...c3 would win.}
37. Bg5 c3 {Threatens to win with ...Rb1.} 38. Bc1 $1 Rb1 39. Rc2 Rf8 $2 (39...
Qa6 $1 $11 {and Black stays safe.}) 40. Qxe6 $2 (40. Rxe6 $18 Qb5 41. Qe4)
40... Qb5 {[%mdl 8192] [#]} (40... Qc4 $11 {and Black has nothing to worry.}
41. Rg6 (41. Rf6 Rh8 $11) 41... Qd3) 41. Qa6 $1 $18 Qc5 42. Kh3 Qd4 {Strongly
threatening ...Qe4.} 43. Qe2 Re8 44. e6 Nf6 45. Qf3 Ne4 {aiming for ...Rxc1!}
46. Re2 Qd1 $2 (46... Nxf2+ 47. Rxf2 Rxc1) 47. Qxe4 {White is clearly winning.}
Rxc1 48. e7 c2 {intending ...Qh1+.} 49. Rc6 (49. Qxa4 $142 c6 {[%mdl 64] Decoy}
50. Rxc6 Qd7+ 51. Ree6 Rh1+ 52. Kg2 Rg1+ 53. Kh2 Rh1+ {[%mdl 64] Decoy} 54.
Kxh1 c1=R+ 55. Kh2) 49... Rxe7 50. Qxe7 Qh1+ 51. Kg4 Qxc6 52. Qe8+ Qxe8 53.
Rxe8+ Kb7 54. Re2 Kc6 55. h6 Kd5 {[#]} 56. Rxc2 $3 {[%mdl 576] Promotion.
Quite a comeback for White.  Weighted Error Value: White=0.35/Black=0.57} 1-0

[Event "23rd ETCC Open 2021"]
[Site "Catez"]
[Date "2021.11.14"]
[Round "3.29"]
[White "Navara, David"]
[Black "Djukic, Nikola"]
[Result "1-0"]
[WhiteElo "2699"]
[BlackElo "2519"]
[Annotator "TA"]
[PlyCount "79"]
[EventDate "2021.11.08"]
[EventType "team-tourn"]
[EventCountry "SLO"]
[SourceTitle "playchess.com"]
[Source "ChessBase"]
[SourceQuality "1"]
[WhiteTeam "Czech Republic"]
[BlackTeam "Montenegro"]
[WhiteTeamCountry "CZE"]
[BlackTeamCountry "MNE"]

{[%evp 9,79,27,45,40,48,25,31,27,63,46,54,72,131,130,137,113,153,150,164,175,
190,182,174,178,187,168,168,158,168,176,170,179,193,185,283,277,324,324,315,
295,390,316,293,200,386,316,323,290,328,317,317,317,308,313,270,280,250,0,7,6,
14,18,5314,5314,29985,29985,29985,5314,29983,5314,29988,29988]} 1. Nf3 Nf6 2.
c4 g6 3. Nc3 d5 4. cxd5 Nxd5 5. h4 Nxc3 6. bxc3 {A16: English Opening: 1...Nf6
with ...d5.} Bg7 7. h5 c5 8. Qa4+ {White is slightly better.} Nc6 9. Ba3 Qd6
10. d4 {[#]} b6 $146 (10... Qc7 $142) ({Predecessor:} 10... Bd7 11. Qc4 b6 12.
h6 Bf6 13. e4 e5 14. dxc5 Qe7 15. Qa6 Qd8 16. Rd1 Qc7 {1-0 (23) Santos Latasa,
J (2635)-Roseneck,J (2403) Tegernsee 2021}) 11. h6 $1 $16 {[%cal Rh6g7]} Bf6
12. e4 {And now e5 would win.} Bd7 {[%cal Rc6d4] Threatens to win with ...Nxd4.
} 13. Bb5 O-O {With the idea ...a6.} 14. e5 Nxe5 15. dxe5 Bxb5 16. Qxb5 (16.
exd6 $2 Bxc3+ 17. Nd2 Bxa4 $19) 16... Bxe5 17. Bb2 Bf6 18. Qe2 Rad8 19. c4 Bxb2
20. Qxb2 {[%csl Gh6][%cal Rb2g7]} f6 21. O-O e5 (21... Qf4 $142 22. Qa3 Rd7)
22. Rfd1 $18 Qe7 23. Rd5 Rxd5 24. cxd5 c4 25. Rd1 Qc5 26. a4 a6 $2 (26... Rd8
27. Qc2 Rd6) 27. Rb1 Rb8 28. Nxe5 {aiming for Nd7!} c3 29. Qb3 {d6+ would kill
now.} ({Weaker is} 29. Qe2 Re8 $14) 29... fxe5 {[%mdl 4096] Endgame KQR-KQR}
30. d6+ $1 Kf8 31. Qe6 {Intending Qf6+ and mate.} Rb7 {[#]} 32. Qf6+ $1 ({
Inferior is} 32. d7 Qe7 $11) 32... Kg8 {[#]} 33. Qd8+ $2 ({White must play} 33.
d7 $1 $18 Rxd7 34. Rxb6) 33... Kf7 $11 34. d7 $40 {[%mdl 128] Threatening mate
with Qe8+. White is up to no good.} Qe7 35. Qh8 Qxd7 {[%mdl 8192] This move
loses the game for Black.} (35... c2 $11 36. Qxh7+ (36. Rc1 Qxd7 37. Qxh7+ Kf6
$11) 36... Kf6 37. Qxe7+ Kxe7) 36. Qxh7+ $18 Ke8 37. Qh8+ Kf7 38. Qg7+ (38. h7
$142 c2 39. Qg8+ Ke7 40. Re1 c1=Q 41. Rxc1 Rc7 42. Qg7+ {[%mdl 64] Double
Attack} Kd6 43. Qxg6+ Kd5 44. Rxc7) 38... Ke8 39. Qxe5+ (39. Qg8+ $142 Ke7 40.
h7 c2 41. Re1 Qe6 42. Qxe6+ Kxe6 43. h8=Q Kd7 44. Qxe5) 39... Kf8 40. Qh8+ {
Weighted Error Value: White=0.21/Black=0.78} 1-0

[Event "23rd ETCC Open 2021"]
[Site "Catez"]
[Date "2021.11.14"]
[Round "3.30"]
[White "Draskovic, Luka"]
[Black "Nguyen, Thai Dai Van"]
[Result "1/2-1/2"]
[WhiteElo "2469"]
[BlackElo "2594"]
[Annotator "TA"]
[PlyCount "102"]
[EventDate "2021.11.08"]
[EventType "team-tourn"]
[EventCountry "SLO"]
[SourceTitle "playchess.com"]
[Source "ChessBase"]
[SourceQuality "1"]
[WhiteTeam "Montenegro"]
[BlackTeam "Czech Republic"]
[WhiteTeamCountry "MNE"]
[BlackTeamCountry "CZE"]

{[%evp 15,102,18,14,25,17,20,10,6,43,44,47,43,39,41,40,42,50,38,77,75,68,59,60,
60,77,28,45,45,60,0,0,0,0,0,0,0,0,0,0,0,0,-108,-102,-142,-132,-184,-160,-174,
-154,-157,-79,-133,-24,-40,-12,-12,-12,-19,-10,-25,0,-10,0,-13,0,-14,0,-10,0,
-16,-10,-10,-17,-10,0,0,0,0,0,-17,-17,-17,0,0,0,0,0,0,0]} 1. Nf3 Nf6 2. c4 e6
3. g3 d5 4. Bg2 Be7 5. O-O O-O 6. b3 c5 7. cxd5 exd5 8. Bb2 Nc6 9. e3 {A14:
English Opening: 1...e6 with b3 by White.} Bg4 10. h3 Bh5 {[#]} 11. Nc3 $146 ({
Predecessor:} 11. Na3 Rc8 12. Nc2 b5 13. Nce1 Qb6 14. g4 Bg6 15. d3 Rfd8 16.
Nh4 Ne8 17. Nxg6 hxg6 {0-1 (51) Caceres,C (1864)-Pedersen,G (2244) Esbjerg 2005
}) 11... Ne4 12. Ne2 Bf6 13. Bxf6 Nxf6 ({But not} 13... gxf6 $6 14. Nf4 $16)
14. Nf4 Bxf3 15. Qxf3 {[%cal Rf4d5]} Ne7 16. Rfd1 h6 17. d4 Rc8 18. dxc5 Rxc5
19. Rd4 Qc8 20. Rad1 Re8 21. Qe2 Nc6 22. Nxd5 (22. Ra4 $14) 22... Nxd4 $11 {
[%mdl 64] [#] Pin} 23. Nxf6+ gxf6 24. Rxd4 b6 25. h4 Rd8 26. Rf4 Qe6 27. Qf3 f5
28. e4 (28. Qe2 $11) 28... Qd7 29. exf5 {[#]} Qd1+ $1 30. Qxd1 (30. Kh2 $17)
30... Rxd1+ $17 {[%mdl 4096] Endgame KRR-KRB} 31. Kh2 Rd2 {[%mdl 1024] Black
has strong compensation.} 32. a4 h5 ({Black should play} 32... Rcc2 33. Kg1 Rc3
) 33. Be4 (33. f6 $142) 33... f6 (33... Rc3 $17 34. Kg2 Rxb3) 34. Rf3 $11 Re5
35. Bd3 Kf8 36. Bc4 Ke7 37. Kh3 Rd4 38. Kg2 {The position is equal.} Rd2 39.
Kh3 Kf8 40. Rf4 Ke7 41. Kg2 Kf8 42. Be6 Rb2 43. Bc4 Kg7 44. Rf3 Kh6 45. Rf4 Rd2
46. Be6 Re1 47. Rc4 Ree2 48. Rf4 Rb2 49. Bc4 Rec2 50. Bf7 Rd2 51. Rf3 Rdc2 {
Weighted Error Value: White=0.12/Black=0.14} 1/2-1/2

[Event "23rd ETCC Open 2021"]
[Site "Catez"]
[Date "2021.11.14"]
[Round "3.31"]
[White "Krejci, Jan"]
[Black "Blagojevic, Dragisa"]
[Result "0-1"]
[WhiteElo "2565"]
[BlackElo "2467"]
[Annotator "ChessBase"]
[PlyCount "78"]
[EventDate "2021.11.08"]
[EventType "team-tourn"]
[EventCountry "SLO"]
[SourceTitle "playchess.com"]
[Source "ChessBase"]
[SourceQuality "1"]
[WhiteTeam "Czech Republic"]
[BlackTeam "Montenegro"]
[WhiteTeamCountry "CZE"]
[BlackTeamCountry "MNE"]
[TimeControl "40/5400+30:1800+30"]

1. e4 e5 2. Nf3 Nc6 3. Bb5 a6 4. Ba4 Bc5 5. O-O Nge7 6. c3 Ba7 7. d4 Ng6 8. Bg5
f6 9. Be3 O-O 10. Nbd2 d6 11. Re1 Kh8 12. h3 exd4 13. cxd4 Nce7 14. d5 Bxe3 15.
Rxe3 f5 16. Rc1 Nf4 17. Bb3 Bd7 18. Nf1 fxe4 19. Rxe4 c6 20. dxc6 Bxc6 21. Rxf4
Rxf4 22. Ng5 Ng6 23. Nf7+ Rxf7 24. Bxf7 Nf4 25. Rc4 Qf6 26. Qg4 Nxg2 27. Qe6
Qf3 28. Nd2 Qd1+ 29. Nf1 Ne1 30. f4 Nf3+ 31. Kf2 Nd2 32. Nxd2 Qxd2+ 33. Kg3
Qg2+ 34. Kh4 Qxb2 35. f5 Qf2+ 36. Kg5 Qg3+ 37. Rg4 Qxh3 38. Bh5 h6+ 39. Kf4
Qf3# 0-1

[Event "23rd ETCC Open 2021"]
[Site "Catez"]
[Date "2021.11.14"]
[Round "3.32"]
[White "Potpara, Nikola"]
[Black "Zilka, Stepan"]
[Result "0-1"]
[WhiteElo "2374"]
[BlackElo "2593"]
[Annotator "TA"]
[PlyCount "126"]
[EventDate "2021.11.08"]
[EventType "team-tourn"]
[EventCountry "SLO"]
[SourceTitle "playchess.com"]
[Source "ChessBase"]
[SourceQuality "1"]
[WhiteTeam "Montenegro"]
[BlackTeam "Czech Republic"]
[WhiteTeamCountry "MNE"]
[BlackTeamCountry "CZE"]

{[%evp 20,126,14,18,20,0,0,0,2,-5,22,27,37,39,41,50,43,39,95,91,97,106,167,106,
106,104,108,108,102,96,93,103,96,105,100,79,100,101,110,39,47,43,51,41,157,143,
277,0,4,0,0,0,17,-47,0,-39,-36,-41,-36,-40,-7,-13,-5,-26,-18,-18,-15,-91,-74,
-87,-83,-166,-174,-223,-235,-229,-238,-231,-177,-247,-244,-459,-455,-466,-435,
-466,-458,-455,-467,-570,-506,-519,-513,-508,-486,-556,-555,-555,-543,-5872,
-5891,-29952,-11760,-6191,-5850,-29977,-29978,-29975,-29976]} 1. c4 e6 2. g3 d5
3. Bg2 Nf6 4. Nf3 Be7 5. O-O O-O 6. d4 dxc4 7. Qc2 a6 8. a4 Bd7 9. Qxc4 Bc6 10.
Bg5 a5 {10...Nbd7 is a critical line.} 11. Nc3 Ra6 {[%cal Ba8a6,Ba6b6,Bb6b4]
[%mdl 32] E05: Open Catalan: 5 Nf3 Be7.} 12. Rad1 Rb6 13. Qa2 Rb4 {The
position is equal.} 14. e3 {[#]} Qe8 $146 ({Predecessor:} 14... Nd5 15. Bxe7
Qxe7 16. Ne5 Nxc3 17. bxc3 Bxg2 18. Kxg2 Rb6 19. Rb1 Rxb1 20. Rxb1 b6 {1-0 (40)
Gozzoli,Y (2724)-Martinez Reyes,P (2332) Chess.com INT 2016}) 15. Ne5 Bxa4 16.
Ra1 {[%cal Rc3a4]} Bb3 17. Qxa5 Rb6 18. Rfc1 h6 (18... Qd8 $14) 19. Bxf6 $16
gxf6 20. Nd3 Bc4 (20... Qd8 $16 {keeps fighting.}) 21. Nc5 (21. Nf4 $1 $18)
21... Nc6 22. Qa4 Rb4 23. Bxc6 Rxa4 24. Bxe8 Rxa1 {[#]} 25. Bxf7+ $1 Kxf7 26.
Rxa1 b6 27. N5e4 Rc8 28. Ra7 Ke8 29. g4 (29. Kg2 $16) 29... Kd7 $14 30. Kg2 Rg8
31. Kf3 Bf1 (31... f5 $14 32. gxf5 exf5) 32. d5 $16 Bh3 {[#]} (32... h5 $16)
33. Ke2 $2 (33. d6 $1 $18 Bxg4+ 34. Kg2 Be2+ 35. Ng3) 33... Bxg4+ $11 34. f3
Bh3 35. Ng3 Bd8 36. e4 (36. Ra4 $11) 36... Kc8 (36... h5 {seems wilder.} 37.
Nxh5 Rg2+ 38. Ke3 e5 39. Na4 Kd6) 37. dxe6 Bxe6 38. Kd3 Kb8 39. Ra1 c6 40. Nce2
$1 Bc7 41. Rc1 Kb7 42. Nd4 $1 {[%cal Rd4e6]} Bd7 43. Nh5 {[#]} (43. Ke3 $11 {
keeps the balance.}) 43... Rd8 $1 $17 {White must now prevent ...c5.} 44. Ke3
Be5 {Hoping for ...Bxd4+.} 45. Ng7 (45. Nf4 $17 {was called for.}) 45... c5 $19
({Stronger than} 45... Bxh2 46. f4 $11) 46. Ndf5 Bb5 {Strongly threatening ...
Rd3+.} ({Don't do} 46... Bxh2 47. Rd1 $17) ({Much less strong is} 46... Bxb2
47. Rb1 $17) 47. Rc2 Rd3+ 48. Kf2 Bxh2 49. Nxh6 (49. Nh5 $142) 49... Ba4 50.
Re2 (50. Rc3 Rxc3 51. bxc3) 50... Bd1 51. Re1 Bf4 52. Nhf5 Rd2+ 53. Kf1 Bxf3
54. Ne8 Be5 55. Re3 Bg4 56. b3 Rd1+ 57. Kg2 Bxf5 58. exf5 Rd8 59. Rxe5 fxe5 {
KR-KN} 60. Nf6 Rf8 61. Ne4 Kc6 62. f6 Kd5 63. Kf3 Kd4 {What a bad dream for
White.  Weighted Error Value: White=0.59/Black=0.15} 0-1